[Event "Belem FEXPA U1900 1st"]
[Site "Belem"]
[Date "2016.12.02"]
[Round "1.2"]
[White "Costa, Edvaldo da Cruz"]
[Black "Leao, Flavio Sanchez"]
[Result "0-1"]
[WhiteElo "1767"]
[BlackElo "1831"]
[PlyCount "82"]
[EventDate "2016.12.02"]
[EventType "tourn"]
[EventRounds "5"]
[EventCountry "BRA"]
[SourceTitle "EXT 2022"]
[Source "ChessBase"]
[SourceDate "2021.10.06"]
[SourceVersion "1"]
[SourceVersionDate "2021.10.06"]
[SourceQuality "1"]

1. Nf3 Nf6 2. g3 b6 3. Bg2 Bb7 4. 0-0 g6 5. d4 Bg7 6. c4 0-0 7. Nc3 d6 8. Re1 Nbd7 9. e4 e5 10. d5 a5 11. Na4 h6 12. Qc2 Nh5 13. Nd2 f5 14. exf5 gxf5 15. Nf3 Qf6 16. b3 Rae8 17. Bb2 Qf7 18. Nh4 e4 19. Bh3 Bxb2 20. Qxb2 Ng7 21. Qd2 Qh5 22. Nc3 Ne5 23. Ne2 Qxh4 24. Bg2 Qg5 25. Nf4 Nf3+ 26. Bxf3 exf3 27. h4 Qg4 28. Kh2 Bc8 29. Rxe8 Rxe8 30. Re1 Re4 31. Rxe4 fxe4 32. Qe3 Bf5 33. Kg1 Nh5 34. Nxh5 Qxh5 35. Qf4 Kh7 36. Kf1 Qg4 37. Qe3 Qh3+ 38. Ke1 Qh1+ 39. Kd2 Qb1 40. Qf4 Qd3+ 41. Kc1 e3 0-1

[Event "Sao Paulo-B U2050 op 5th"]
[Site "Sao Paulo"]
[Date "2016.10.16"]
[Round "6.13"]
[White "Costa, Edvaldo da Cruz"]
[Black "Takano, Nicholas Ryo"]
[Result "1/2-1/2"]
[WhiteElo "1767"]
[BlackElo "1668"]
[PlyCount "126"]
[EventDate "2016.10.13"]
[EventType "swiss"]
[EventRounds "6"]
[EventCountry "BRA"]
[SourceTitle "EXT 2022"]
[Source "ChessBase"]
[SourceDate "2021.10.06"]
[SourceVersion "1"]
[SourceVersionDate "2021.10.06"]
[SourceQuality "1"]

1. d4 Nf6 2. c4 g6 3. Nc3 Bg7 4. e4 d6 5. Nf3 0-0 6. Be2 Nbd7 7. 0-0 e5 8. Be3 c6 9. a3 Qe7 10. d5 c5 11. b4 b6 12. Bg5 h6 13. Bh4 g5 14. Bg3 Nh5 15. Nd2 Nf4 16. f3 f5 17. Rb1 Nxe2+ 18. Qxe2 f4 19. Bf2 Nf6 20. bxc5 bxc5 21. Nb3 g4 22. Na5 Qf7 23. Nb5 Rd8 24. Nc6 Rd7 25. fxg4 a6 26. Nc3 Qg6 27. h3 Rf7 28. Nd8 Bxg4 29. hxg4 Rxd8 30. Bh4 Rdf8 31. Bxf6 Bxf6 32. Rb6 Bh4 33. Qf3 Bg3 34. Rfb1 Rh7 35. Kf1 h5 36. gxh5 Rxh5 37. Ke2 Rh2 38. Kd3 Bh4 39. R1b2 Rh1 40. Na4 Re1 41. Re2 Rxe2 42. Kxe2 Ra8 43. Nxc5 Rc8 44. Ne6 Bd8 45. Rb7 Bf6 46. Kd3 a5 47. a4 Bh8 48. Rb5 Ra8 49. Rb7 Rc8 50. Ra7 Rb8 51. Kc3 Rb1 52. Ra8+ Kf7 53. Rxh8 Re1 54. Qh5 Qxh5 55. Rxh5 Rc1+ 56. Kb3 Rb1+ 57. Ka2 Rb4 58. Rh7+ Ke8 59. c5 f3 60. gxf3 Rc4 61. cxd6 Rc2+ 62. Kb3 Rc3+ 63. Kb2 Rc2+ 1/2-1/2

[Event "Sao Paulo CC Fox op"]
[Site "Sao Paulo"]
[Date "2016.10.07"]
[Round "2"]
[White "Costa, Edvaldo da Cruz"]
[Black "De Sousa, Matheus Mazim"]
[Result "0-1"]
[WhiteElo "1767"]
[BlackElo "2147"]
[PlyCount "84"]
[EventDate "2016.10.07"]
[EventType "swiss"]
[EventRounds "6"]
[EventCountry "BRA"]
[SourceTitle "EXT 2018"]
[Source "ChessBase"]
[SourceDate "2017.10.13"]
[SourceVersion "1"]
[SourceVersionDate "2017.10.13"]
[SourceQuality "1"]

1. d4 d5 2. c4 e6 3. Nc3 c6 4. e4 dxe4 5. Nxe4 Nf6 6. Bg5 Bb4+ 7. Nc3 Qa5 8. Bd2 Qb6 9. Nf3 0-0 10. Bd3 c5 11. a3 cxd4 12. axb4 dxc3 13. Bxc3 Nbd7 14. 0-0 Qc7 15. Re1 Rd8 16. Qc2 b6 17. Ng5 h6 18. Bh7+ Kf8 19. Nxf7 Kxf7 20. Qg6+ Kf8 21. Rxe6 Re8 22. Bxf6 Nxf6 23. Rxf6+ gxf6 24. Qxf6+ Qf7 25. Qxh6+ Qg7 26. Qd6+ Kf7 27. Qd5+ Be6 28. Qb7+ Kf8 29. Qf3+ Qf7 30. Qd3 Bxc4 31. Qd6+ Kg7 32. Bc2 Qf6 33. Qc7+ Bf7 34. Bb3 Rac8 35. Qd7 Qe7 36. Qd4+ Qe5 37. Qg4+ Kf8 38. h3 Bxb3 39. Qg6 Qg7 40. Qd6+ Kg8 41. Qd3 Qxb2 42. Rxa7 Qc1+ 0-1

[Event "Paraense zt"]
[Site "Belem"]
[Date "2016.09.11"]
[Round "5.2"]
[White "Leao, Marcos Jose"]
[Black "Costa, Edvaldo da Cruz"]
[Result "0-1"]
[WhiteElo "1921"]
[BlackElo "1760"]
[PlyCount "38"]
[EventDate "2016.09.09"]
[EventType "swiss"]
[EventRounds "5"]
[EventCountry "BRA"]
[SourceTitle "EXT 2022"]
[Source "ChessBase"]
[SourceDate "2021.10.06"]
[SourceVersion "1"]
[SourceVersionDate "2021.10.06"]
[SourceQuality "1"]

1. d4 d5 2. c4 e6 3. Nc3 c6 4. c5 Nf6 5. Bg5 Be7 6. e3 Nbd7 7. Bd3 b6 8. b4 bxc5 9. bxc5 a5 10. Rc1 Ba6 11. Bb1 0-0 12. Nge2 e5 13. 0-0 Qc7 14. f4 e4 15. f5 Rfe8 16. Bf4 Qc8 17. h3 h6 18. g4 Nh7 19. Rf2 Ng5 0-1

[Event "Paraense zt"]
[Site "Belem"]
[Date "2016.09.09"]
[Round "2.3"]
[White "Mendes, Joao Paulo"]
[Black "Costa, Edvaldo da Cruz"]
[Result "1-0"]
[WhiteElo "1940"]
[BlackElo "1760"]
[PlyCount "111"]
[EventDate "2016.09.09"]
[EventType "swiss"]
[EventRounds "5"]
[EventCountry "BRA"]
[SourceTitle "EXT 2022"]
[Source "ChessBase"]
[SourceDate "2021.10.06"]
[SourceVersion "1"]
[SourceVersionDate "2021.10.06"]
[SourceQuality "1"]

1. e4 e6 2. d4 d5 3. exd5 exd5 4. Nf3 Nc6 5. Bb5 Bd6 6. Nc3 Nge7 7. Bg5 f6 8. Be3 Bg4 9. h3 Bh5 10. g4 Bg6 11. Nh4 Bf7 12. g5 fxg5 13. Bxg5 h6 14. Be3 g5 15. Ng2 Qd7 16. Qe2 0-0-0 17. 0-0-0 Bg6 18. Ne1 Bb4 19. Nd3 Bxc3 20. Nc5 Bxb2+ 21. Kxb2 Qd6 22. Ba6 Na5 23. Nxb7 Nxb7 24. Ka1 Nc6 25. Rb1 Nca5 26. Rxb7 Nxb7 27. Rb1 Kd7 28. Rxb7 Be4 29. f3 Bf5 30. Bb5+ Kc8 31. Rxa7 Qb4 32. Ba6+ Kd7 33. Qb5+ Qxb5 34. Bxb5+ Kd6 35. Bf2 Ra8 36. Bg3+ Ke6 37. Rxc7 Rh7 38. Rc6+ Kf7 39. Be5 Be6 40. Bd3 Rhh8 41. Rc7+ Kg8 42. Rg7+ Kf8 43. Rg6 Kf7 44. Rg7+ Kf8 45. Rb7 Kg8 46. Re7 Bxh3 47. c4 Kf8 48. Rc7 Rg8 49. cxd5 Rc8 50. Bd6+ Ke8 51. Re7+ Kd8 52. Rh7 Bf1 53. Bf5 Ra8 54. Bc7+ Ke8 55. Bd7+ Kf8 56. Bd6# 1-0